Quizzes
Events
Quiz Creation
Community
Videos
Private Events
Remove Ads
Sign In
Join for FREE
Feedback
Dark Mode
Quiz Categories
Sports
Geography
Music
Movies
Television
Just For Fun
Miscellaneous
History
Literature
Language
Science
Gaming
Entertainment
Religion
Holiday
For Kids
Quiz Lab
Recent
Popular Today
Quiz Kudos Today
Editor Picks
Curator Picks
Quizzes by...
Day
Popularity
Type
Ratings
Length
Year
Community
Subscriptions
Recent Discussions
Orange Saloon
Badges
Playlists
Quests
Create
Leaderboards
Showdown
Live 5
Trivia Bingo
Activity
Puzzle Library
Sporcle Events
Private Events
Virtual Trivia
Globe League
Become a Host
Pub Owners
SporcleCon
Opinionation
Our Games
Videos
Blog
Mobile Apps
Partnerships
Remove Ads and Go Orange
Feedback
Sports
Athletes
MLB
NBA
NHL
NFL
Soccer
Sports Teams
WWE
NCAA
Football
Premier League
Basketball
Baseball
Hockey
Golf
Tennis
Cricket
Rugby
Auto Racing
Olympics
World Cup
Sports
Athletes
MLB
NBA
NHL
NFL
Soccer
Sports Teams
WWE
NCAA
Football
Premier League
Basketball
Baseball
Hockey
Golf
Tennis
Cricket
Rugby
Auto Racing
Olympics
World Cup
Random Quiz
Search Sporcle
×
Quiz Lab
Quiz Lab
Sports
2011
Type in answers that appear in a list
Type in answers that appear in a list
Classic
Best Score? Go Orange.
Man Utd Squad Numbers 2011-2012 Stats
Can you name the Man Utd Squad Numbers 2011-2012?
By
tomstebbing999
7m
40 Questions
418 Plays
418 Plays
418 Plays
Comments
Comments
Give Quiz Kudos
Give Quiz Kudos
-
- Ratings
hide this ad
Forced Order
Answers have to be entered in order
Answers have to be entered in order
Replay
Link that replays current quiz
Next Quiz
Link to next quiz in quiz playlist
You Got
0%
They Got
Avg Score
49%
Avg Friend Score
Upgrade to see
Score Distribution
Jump to the score distribution portion of the page
Score
0/40
Timer
07:00
0
Plays Today
Number
Player
% Correct
1
David DeGea
98.1%
3
Patrice Evra
93.8%
5
Rio Ferdinand
93.5%
10
Wayne Rooney
90.2%
4
Phil Jones
87.1%
11
Ryan Giggs
86.8%
9
Dimitar Berbatov
85.4%
8
Anderson
83.7%
7
Michael Owen
82.5%
17
Nani
79.7%
6
Jonny Evans
78%
16
Michael Carrick
77%
15
Nemanja Vidic
73.9%
18
Ashley Young
70.1%
12
Chris Smalling
69.9%
13
Ji-Sung Park
69.9%
14
Javier Hernandez
69.9%
19
Danny Welbeck
67.5%
21
Rafael
66.3%
20
Fabio
65.8%
Number
Player
% Correct
24
Darren Fletcher
58.9%
25
Antonio Valencia
58.9%
23
Tom Cleverley
49.3%
22
Paul Scholes
45.3%
27
Federico Macheda
39%
40
Ben Amos
26.8%
29
Tomasz Kuszczak
24.9%
32
Mame Biram Diouf
24.6%
34
Anders Lindegaard
23.7%
42
Paul Pogba
10.9%
30
Richie DeLaet
6.2%
48
Will Keane
5.1%
38
Michael Keane
4%
51
Ezekiel Fryers
4%
53
Jessie Lingard
2.2%
39
Tom Thorpe
1.8%
52
Larnell Cole
1.8%
36
Marnick Vermijl
1.1%
49
Ravel Morrison
1.1%
35
Reece Brown
0.7%
Quiz Playlist
Details
Report
Send in Message
Add To Playlist
Classic:
Type in answers that appear in a list
Forced Order:
Answers have to be entered in order
Last Updated: Feb 16, 2017
Quiz Scoreboard
CHALLENGE
Sign Up to Join the Scoreboard
Show All
Scores
Hide
Comments
May contain spoilers
Recently Published
Movies - When Are They Set?
by FPL_Elf
Movies
5m
Popular People in 1961
by mucciniale
History
6m
1-10 Letter E Words III
by El_Dandy
Language
2m
More to Explore
Quiz From the Vault
Featured Blog Post
Where Did the Easter Bunny Come From?
hide this ad
You Might Also Like...
Tags
2011
2012
Man
Manchester
Manchester United
Player
Squad
Squad Numbers
United
utd
Today's Top Quizzes in Sports
Browse Sports
hide this ad
Today's Top Quizzes in 2011
Browse 2011
Top Contributed Quizzes in Sports
1
Les meilleurs buteurs des matchs entre le PSG et l’OM
2
Les entraîneurs de l'OM et du PSG au 21e siècle
3
FIFA Club World Cup Champions
4
2022 World Cup Stars
5
Name the Premier League winners with different clubs
6
La finale Lions - Afrique du Sud 2021
7
Criteria MLB: Left Handed Sluggers
8
Players with Multiple 50 Home Run Seasons
9
MLB Players with Two .350 Batting Average Seasons
10
MLB Hall of Famer by Rings
Explore More
Trending Topics
Crossword
NBA
Disney
Kpop
Marvel
Anime
Harry Potter
The Office
Pokémon
WWE
Country
Soccer
Puzzle
Song
NFL
hide this ad
More By:
tomstebbing999
Quiz
Plays
Rating
Category
Featured
Created
Man Utd Squad Numbers 2011-2012
418
4.00
Sports
Aug 25, 2011
Go to Creator's Profile
Score Distribution
Quiz Creator Spotlight
tomstebbing999
Follow
Send a Message
Quizzes Created
-
Created Quiz Play Count
-
More By This Creator
Popular Quizzes Today
1
Find the US States - No Outlines Minefield
2
Find the Countries of Europe - No Outlines Minefield
3
The Countries of the World
4
Popular People in 1961
5
1-10 Letter E Words III
6
US States
7
Find the US States
8
One Thing in Common: World Cities II
More Sports Quizzes
Current Top 30 FA Cup Scorers
Quiz Lab
Trending Quizzes
Risky Map Clicking: Least Populous States A-Z
1-10 Letter F Words
1-10 Letter G Words
One Thing in Common: United Kingdom
Risky Map Clicking: Next State Alphabetically
Recently Updated
Leaping Animals
pecheneg
Reality TV Shows (A-Z)
bhenderson79
Rickey Henderson's Hall of Fame Teammates
pecheneg
Champions League XIs: Arsenal
pecheneg
Quick Pick: Celebrities in WWE's Hall of Fame
aduchscher
A-Z Keypad Blitz II
pecheneg
Multiple Oscar Actors
pecheneg
Mystery Phrase Blitz: Oscar 'Best Actors'
pecheneg
F. Scott Fitzgerald Novels
LTH
Pick 3 Villains
ddd62291
Trending Topics
Crossword
Disney
Marvel
Kpop
Harry Potter
NBA
Anime
WWE
The Office
Song
Pokémon
Soccer
NFL
Country
Puzzle
Your Account Isn't Verified!
In order to create a playlist on Sporcle, you need to verify the email address you used during registration. Go to your
Sporcle Settings
to finish the process.
Report this User
Report this user for behavior that violates our
Community Guidelines
.
Details:
Send Report
Go to the Sporcle.com Mobile Site →
Comments